000 00512nam a2200181Ia 4500
003 OSt
005 20220622145520.0
008 220614s9999||||xx |||||||||||||| ||und||
020 _a9780470127896
040 _c
100 _aKilts
245 0 _aAdvanced FPGA Design: Architecture, Implementation, and Optimization
250 _a1st Edition
260 _bWiley
650 _aElectrical & Electronics Engineering
856 _uhttps://onlinelibrary.wiley.com/doi/book/10.1002/9780470127896
942 _cEB
_2ddc
999 _c7401
_d7401